[Event "Curitiba Parana-ch"]
[Site "Curitiba"]
[Date "2016.01.27"]
[Round "2"]
[White "Zilber, Valerio V de Freita"]
[Black "Chemin, Vitorio"]
[Result "0-1"]
[WhiteElo "1872"]
[BlackElo "2133"]
[PlyCount "160"]
[EventDate "2016.01.26"]
[EventType "swiss"]
[EventRounds "8"]
[EventCountry "BRA"]
[SourceTitle "CBM 170 Extra"]
[Source "ChessBase"]
[SourceDate "2016.02.25"]
[SourceVersion "1"]
[SourceVersionDate "2016.02.25"]
[SourceQuality "1"]

1. e4 c5 2. Nf3 Nc6 3. Nc3 d6 4. d4 cxd4 5. Nxd4 Nf6 6. Be2 e5 7. Nb3 Be7 8. 0-0 0-0 9. Be3 a5 10. a4 Nb4 11. Bf3 Be6 12. Qd2 Rc8 13. Rfd1 Ng4 14. Bxg4 Bxg4 15. f3 Be6 16. Qf2 Rc6 17. Nc5 Qc8 18. Nd3 f5 19. exf5 Bxf5 20. Nxb4 axb4 21. Nd5 Bf6 22. Nxb4 Rc4 23. c3 e4 24. f4 Qe6 25. a5 Ra8 26. Qd2 Bg4 27. Qxd6 Qf7 28. Rd2 Be6 29. Nd5 Bd8 30. Nb6 Bc7 31. Qa3 Bxb6 32. Bxb6 Qxf4 33. Rf2 Qg5 34. Raf1 Rcc8 35. Qd6 Bc4 36. Re1 Rf8 37. Rxf8+ Rxf8 38. Qd4 Bd3 39. h3 Qd2 40. Qe3 Qxb2 41. Bd4 Qb5 42. Qg3 Qd7 43. Qe5 h6 44. Re3 Rf5 45. Qb8+ Kh7 46. Rg3 Rf7 47. Qe5 Qc7 48. Qxc7 Rxc7 49. Kf2 Rf7+ 50. Ke3 g6 51. c4 Rf1 52. Bc3 Rh1 53. Kd4 Rg1 54. c5 g5 55. Kd5 Kg6 56. h4 Kf5 57. hxg5 hxg5 58. Bd4 Rd1 59. Rh3 Bf1 60. Rh1 Bc4+ 61. Kxc4 Rxh1 62. c6 bxc6 63. a6 Rc1+ 64. Bc3 e3 65. a7 e2 66. a8Q Rxc3+ 67. Kxc3 e1Q+ 68. Kd3 Qe4+ 69. Kc3 Qxg2 70. Qc8+ Kf4 71. Qc7+ Kg4 72. Qd7+ Kg3 73. Qd6+ Kf2 74. Qd2+ Kg1 75. Qd1+ Kh2 76. Qd8 Qf3+ 77. Kc2 g4 78. Qh8+ Kg2 79. Kd2 g3 80. Kc1 Qd5 0-1